|
|
|
|
| LEADER |
00000cam a2200000 7i4500 |
| 001 |
0000051753 |
| 005 |
20150908.0 |
| 008 |
150908 |
| 020 |
|
|
|a 9832852811(set)
|
| 020 |
|
|
|a 9833704050
|
| 090 |
0 |
0 |
|a MOR
|b MAL
|
| 100 |
0 |
|
|a Syed Mahadzir
|
| 245 |
1 |
0 |
|a Nasib Jonid Pembuli
|c Syed Mahadzir
|
| 260 |
|
|
|a Selangor :
|b Cooray's House Of Publication Sdn Bhd ,
|c (s.n)
|
| 490 |
0 |
|
|a Siri Hentikan Buli
|
| 999 |
|
|
|a 0001042885
|b Book
|c Children Collection
|e Cawangan Tmn. Ungku Tun Aminah
|
| 999 |
|
|
|a 0001042886
|b Book
|c Children Collection
|e Cawangan Tmn. Ungku Tun Aminah
|
| 999 |
|
|
|a 0001052116
|b Book
|c Children Collection
|e Cawangan Taman Universiti
|
| 999 |
|
|
|a 0001052117
|b Book
|c Children Collection
|e Cawangan Taman Universiti
|
| 999 |
|
|
|a 0001052118
|b Book
|c Children Collection
|e Cawangan Pontian
|
| 999 |
|
|
|a 0001052119
|b Book
|c Children Collection
|e Cawangan Taman Sri Lambak
|
| 999 |
|
|
|a 0001052120
|b Book
|c Children Collection
|e Cawangan Kota Tinggi
|
| 999 |
|
|
|a 0001071030
|b Book
|c Children Collection
|e Cawangan Taman Universiti
|
| 999 |
|
|
|a 0001075505
|b Book
|c Children Collection
|e Cawangan Taman Universiti
|
| 999 |
|
|
|a 0001075516
|b Book
|c Children Collection
|e Cawangan Mersing
|
| 999 |
|
|
|a 0001075540
|b Book
|c Children Collection
|e Cawangan Mersing
|
| 999 |
|
|
|a 0001075564
|b Book
|c Children Collection
|e Cawangan Mersing
|
| 999 |
|
|
|a 0001075766
|b Book
|c Teenagers
|e Cawangan Bandar Tenggara
|
| 999 |
|
|
|a 0001130589
|b Book
|c Children Collection
|e Cawangan Tangkak
|
| 999 |
|
|
|a 0001130693
|b Book
|c Teenagers
|e Cawangan Bandar Tenggara
|
| 999 |
|
|
|a 0001138933
|b Book
|c Children Collection
|e Cawangan Tmn. Ungku Tun Aminah
|